000 00732cam a2200181 a 4500
001 1189195
005 20250724090925.0
008 970611s1993 nyu 000 0 eng
020 _a019528318X
050 0 0 _aBS125
_b1993
082 0 0 _a220.5/2
_221
245 1 4 _aThe complete parallel Bible :
_bcontaining the Old and New Testaments with the Apocryphal/Deuterocanonical books : New Revised Standard Version, Revised English Bible, New American Bible, New Jerusalem Bible.
260 _aNew York :
_bOxford University Press,
_cc1993.
300 _axlii, 3247 p. ;
_c24 cm.
710 2 _aOxford University Press.
856 4 2 _3Publisher description
_uhttp://www.loc.gov/catdir/enhancements/fy0636/97160485-d.html
942 _2lcc
_cBK
_n0
999 _c7130
_d7130